New Zealand All Blacks Rugby - Most Tries against Wales - Statistics

General Stats
  • This quiz has been taken 75 times
    19 since last reset
  • The average score is 4 of 7
Answer Stats
Tries Player % Correct
8 Beauden Barrett
87%
6 Joe Rokocoko
80%
5 Daniel Carter
73%
5 Doug Howlett
73%
8 John Kirwan
60%
5 Waisake Naholo
53%
5 Terry Wright
13%
No matching quizzes found
Score Distribution
Percent of People with Each Score
Percentile by Number Answered
Your Score History
You have not taken this quiz since the last reset